00673nam a2200205Ia 4500001000700000008004100007035001500048041000800063084001900071100003200090245014800122260002600270300002300296500002300319650001600342650003400358650002000392650002200412710003300434000515221003s1990 xx 000 0 spa d aCENDO_1610 aspa aGT-00002-00022 aRODRIGUEZ CABRERO, Gregorio 0aTransformaciones socioeconómicas y política social :bla segunda reestructuración del estado de bienestar /cGregorio Rodríguez Cabrero a[S.l. :bs.n.],c1990 a[19] p. ;c 30 cm aBibliogr. p. 17-18 aCONFERENCIA 0aDESARROLLO ECONOMICO Y SOCIAL aPOLITICA SOCIAL aESTADO-BENEFACTOR aFUNDACION ARGENTARIAcMadrid